01330nabaa22002177a 4500003000400000005001700004008004100021040000700062100002300069245026400092300001500356500003700371505034500408505008900753650002700842650002700869650003400896650002400930650003700954773012100991OSt20260125211358.0190701b xxu||||| |||| 00| 0 spa d cPJ aFerreri, Federico 10aTutela judicial efectiva y acciones afirmativas :b¿deben los jueces suplir las falencias de la Administración pública cuando se presenten afectaciones palmarias de los derechos elementales de grupos en condiciones de vulnerabilidad? cFederico Ferreri.  ap. 152-160 aCita: TR LALEY AR/DOC/2736/2024  aSumario: I. Introducción.— II. Marco teórico. Pensamiento del Dr. Martín D. Farrell en torno a las libertades positivas y negatvas.— III. Tutela judicial efectiva y acciones positivas.— IV. Deber de actuar ante casos de amenazas a los derechos de vulnerables.— V. Activismo judicial. VI. Conclusiones.— VII. Bibliografía.  t¿Te interesa el texto completo? Comunicate al correo: koha@justierradelfuego.gov.ar 0aDERECHO ADMINISTRATIVO 0aDERECHO CONSTITUCIONAL 0aINTERPRETACION CONSTITUCIONAL 0aACTO ADMINISTRATIVO 0aDESCENTRALIZACION ADMINISTRATIVA0 02842dBuenos Aires : AbeledoPerrot, 2012-oDA121tDerecho administrativo. Nº 156 noviembre/diciembre 2024z18510590